000 00974 a2200181 4500
003 Nust
005 20220722085258.0
020 _a0070995727
040 _cNust
082 _a004,SCH
100 _aScheid, Francis
245 _aSchaum's outline of theory and problems of introduction to computer science /
_cFrancis Scheid
260 _aSingapore
_bMc Graw Hill
_c1983
300 _a281p.
505 _gInformation Processing (Page-1), Boolean Algebra (Page-11), Special Purpose Boolean Machines (Page-26), computer Design (Page-48), Machine Language (Page-89), Programming Languages (Page-106), Introduction to Fortran (Page-113), Arrays (Page-145), Sorting (Page-164), Classifying (Page-177), Scheduling (Page-188), Subprograms (Page-201), Logical Computations (Page-224), Thinking Learning and Intelligence (Page-240), Further Fortran (Page-254), Library Subprograms (Page-261), Bibliography (Page-263).
650 _aCOmputer Science
942 _2ddc
_cBK
_k004,SCH
999 _c176544
_d176544